<?xml version="1.0" encoding="UTF-8"?>
<record
    xmlns:xsi="http://www.w3.org/2001/XMLSchema-instance"
    xsi:schemaLocation="http://www.loc.gov/MARC21/slim http://www.loc.gov/standards/marcxml/schema/MARC21slim.xsd"
    xmlns="http://www.loc.gov/MARC21/slim">

  <leader>00705amm a2200205   4500</leader>
  <controlfield tag="005">20240709122252.0</controlfield>
  <controlfield tag="007">cr ||||||||||a</controlfield>
  <controlfield tag="008">240709s2024            o  d        cat d</controlfield>
  <datafield tag="041" ind1=" " ind2=" ">
    <subfield code="a">cat</subfield>
  </datafield>
  <datafield tag="245" ind1=" " ind2=" ">
    <subfield code="a">Glossari de termes en mat&#xE8;ria d'igualtat entre dones i homes</subfield>
    <subfield code="h">[en l&#xED;nia]</subfield>
    <subfield code="c">Consell de Mallorca. IMAS</subfield>
  </datafield>
  <datafield tag="260" ind1=" " ind2=" ">
    <subfield code="a">[Palma]</subfield>
    <subfield code="b">Consell de Mallorca. Departament de Drets Socials. IMAS</subfield>
    <subfield code="c">2023</subfield>
  </datafield>
  <datafield tag="300" ind1=" " ind2=" ">
    <subfield code="a">35 p.</subfield>
    <subfield code="b">1 document PDF</subfield>
  </datafield>
  <datafield tag="520" ind1=" " ind2=" ">
    <subfield code="a">aprox. 140</subfield>
  </datafield>
  <datafield tag="546" ind1=" " ind2=" ">
    <subfield code="a">catal&#xE0;</subfield>
  </datafield>
  <datafield tag="592" ind1=" " ind2=" ">
    <subfield code="a">Obra terminol&#xF2;gica</subfield>
  </datafield>
  <datafield tag="593" ind1=" " ind2=" ">
    <subfield code="a">OL</subfield>
  </datafield>
  <datafield tag="650" ind1=" " ind2="0">
    <subfield code="a">igualtat de g&#xE8;nere</subfield>
    <subfield code="9">75334</subfield>
  </datafield>
  <datafield tag="856" ind1=" " ind2=" ">
    <subfield code="u">https://www.imasmallorca.net/wp-content/uploads/2023/04/glossariTermesIgualtatcat.pdf</subfield>
  </datafield>
  <datafield tag="942" ind1=" " ind2=" ">
    <subfield code="c">MO</subfield>
    <subfield code="2">ddc</subfield>
    <subfield code="n">0</subfield>
  </datafield>
  <datafield tag="999" ind1=" " ind2=" ">
    <subfield code="c">69009</subfield>
    <subfield code="d">69009</subfield>
  </datafield>
  <datafield tag="952" ind1=" " ind2=" ">
    <subfield code="0">0</subfield>
    <subfield code="1">0</subfield>
    <subfield code="4">0</subfield>
    <subfield code="7">0</subfield>
    <subfield code="a">TERMCAT</subfield>
    <subfield code="b">Termcat</subfield>
    <subfield code="d">2024-07-09</subfield>
    <subfield code="l">0</subfield>
    <subfield code="o">Biblioteca electr&#xF2;nica</subfield>
    <subfield code="r">2024-07-09 12:23:06</subfield>
    <subfield code="u">https://www.imasmallorca.net/wp-content/uploads/2023/04/glossariTermesIgualtatcat.pdf</subfield>
    <subfield code="w">2024-07-09</subfield>
    <subfield code="y">MO</subfield>
  </datafield>
</record>
